Southville International School and Colleges
Your cart is empty.
  • Cart
  • Lists
    Public lists Eva Luna New books Lux_list list_1
    Your lists Log in to create your own lists
  • Log in to your account
  • Your cookies
  • Search history
Southville International School and Colleges
  • Advanced search
  • Recent comments
  • Most popular
  • Libraries

Log in to your account

Log in with GOOGLE


If you do not have an external account, but do have a local account, you can still log in:

  1. Home
  2. MARC view: Biological psychology/.
Normal view MARC view ISBD view

Biological psychology/. (Record no. 21659)

[ view plain ]
MARC details
000 -LEADER
fixed length control field 00522nam a2200193 a 4500
005 - DATE AND TIME OF LATEST TRANSACTION
control field 20140310183335.0
008 - FIXED-LENGTH DATA ELEMENTS--GENERAL INFORMATION
fixed length control field 060920s19uu xx 00 eng d
020 ## - INTERNATIONAL STANDARD BOOK NUMBER
International Standard Book Number 0-495-09360-2
050 ## - LIBRARY OF CONGRESS CALL NUMBER
Classification number QP 360
Item number .K124 2007
100 ## - MAIN ENTRY--PERSONAL NAME
Personal name Kalat, James W.
245 ## - TITLE STATEMENT
Title Biological psychology/.
260 ## - PUBLICATION, DISTRIBUTION, ETC. (IMPRINT)
Place of publication, distribution, etc Australia :
Name of publisher, distributor, etc Thomson Wadsworth,
Date of publication, distribution, etc 2007.
300 ## - PHYSICAL DESCRIPTION
Extent 582 p. :
Other physical details ill. (some col.) ;
Dimensions 29 cm.
521 ## - TARGET AUDIENCE NOTE
Target audience note
650 ## - SUBJECT ADDED ENTRY--TOPICAL TERM
Topical term or geographic name as entry element Neuropsychology.
650 ## - SUBJECT ADDED ENTRY--TOPICAL TERM
Topical term or geographic name as entry element Psychobiology.
942 ## - ADDED ENTRY ELEMENTS (KOHA)
Koha item type Books
Source of classification or shelving scheme Library of Congress Classification
Call number prefix Foreign
Holdings
Withdrawn status Lost status Source of classification or shelving scheme Damaged status Home library Current library Shelving location Date acquired Source of acquisition Total Checkouts Total Renewals Full call number Barcode Date last seen Date checked out Copy number Price effective from Koha item type
    Library of Congress Classification   College Library College Library General Circulation Section 09/20/2006 Donation 1 5 QP 360 .K124 2007 C7631 08/23/2019 07/23/2019 1 03/10/2014 Books

Biological psychology/.

APA

Kalat J. W., . (2007). Biological psychology. Australia: Thomson Wadsworth.

Chicago

Kalat James W, . 2007. Biological psychology. Australia: Thomson Wadsworth.

Harvard

Kalat J. W., . (2007). Biological psychology. Australia: Thomson Wadsworth.

MLA

Kalat James W, . Biological psychology. Australia: Thomson Wadsworth. 2007.

  • Place hold
  • Print
  • Cite
  • Add to your cart (remove)
  • Save record
    BIBTEX Dublin Core MARCXML MARC (non-Unicode/MARC-8) MARC (Unicode/UTF-8) MARC (Unicode/UTF-8, Standard) MODS (XML) RIS
  • More searches
    Search for this title in:
    Other Libraries (WorldCat) Other Databases (Google Scholar) Online Stores (Bookfinder.com) Open Library (openlibrary.org)

Exporting to Dublin Core...

SOUTHVILLE LIBRARY

Southville International School and Colleges Library

1281 Tropical Ave. Cor. Luxembourg St., BF Homes International, Las Pinas City

Tel. No. 8256374 / 252358 Loc. 117/146

Powered by Koha